000 00586nam a2200205 4500
003 OSt
005 20140917192043.0
008 140917b xxu||||| |||| 00| 0 eng d
020 _a0333914201
040 _c040a
082 _220
_a338
_bHOO 2001
100 _aHoogvelt, Ankie
_91170
245 _aGlobalization and the postcolonial world :
_bthe new political economy of development /
_cAnkie Hoogvelt
250 _a2nd
260 _aHampshire
_bPalgrave
_c2001
300 _axix, 325 p;
_bill :
_c10 cm.
504 _aincludes index
650 _aglobalization
_9952
942 _2ddc
_cSLOAN
999 _c443
_d443